01762nam a22001817a 4500003000400000005001700004008004100021020001800062040000700080100002900087245007500116260005600191300001900247504003100266505124500297650002701542650001101569OSt20250703135517.0180305b xxu||||| |||| 00| 0 spa d a9789505745470 cPJ aFerreyra, Raúl Gustavo10aEscritos sobre la forma inicial del Estado /cRaúl Gustavo Ferreyra. aCiudad Autónoma de Buenos Aires :bEdiar, c2025. a216 p.c22 cm. aBibliografía: p. 195-210 aEn este libro Raúl Gustavo Ferreyra aborda con rigor científico y profundidad una teoría general de la Constitución, desde un enfoque interno. Su mirada está puesta en América del Sud y sus urgentes realidades contemporáneas, aquejadas por los poderes globales y por un nuevo animal político el monopresidente, un mal que deforma los sistemas de gobierno constitucionales de la región. En torno a la determinada rigidez de la Ley fundamental, ofrece una interesante dogmática sobre el proceso de cambio constitucional, en especial en la Argentina y en Brasil. Al analizar la Constitución federal de la Argentina, plantea que su extensa duración y su doble rostro son los rasgos distintivos de uno de los textos políticos más antiguos del mundo, que ha sido puesto en jaque en varias oportunidades. Por su parte, la indagación sobre la fuerza normativa de la Constitución permite ubicar el problema central del instrumento: la discrepancia entre el mundo del ser y el mundo del deber ser. El libro concluye con un ensayo sobre las recientes tentativas para destruir el Estado argentino, en cuya demolición mucho tiene que ver el hecho maldito de los mal habidos decretos por razones de necesidad y urgencia. 0aDERECHO CONSTITUCIONAL 0aESTADO